00325nam a2200133Ia 4500008004000000041000800040082001200048100002100060245002500081260005300106650001100159650000700170650001400177210210b1950 xxu||||| |||| 00| 0 eng d aeng a822/723 aLOCKITT (C H) Ed aAdventure of travel aLondonbLongmans Green and Company Limitedc1950 atravel aof aAdventure